000 00940nam a2200229 a 4500
001 51337
003 BD-RjUL
005 20211209075638.0
008 160830s1964 bg ||||| |||| 00| 0 ben d
020 _c: Tk. 10.00
035 _a(BD-RjUL)51457
040 _aBD-RjUL
_bben
_cBD-RjUL
041 _aben
082 _a891.44209
_bIBU 1964
100 1 _aইব্রাহীম, নীলিমা
_9153556
245 1 0 _aউনবিংশ শতাব্দীর বাঙ্গালী সমাজ ও বাংলা নাটক /
_cনীলিমা ইব্রাহীম
260 _aঢাকা :
_bঢাকা বিশ্ববিদ্যালয়,
_c১৯৬৪
300 _a[১২], ৩০৭ পৃ . ;
_c১৯ সেমি.
650 _aবাংলা নাটক
_xইতিহাস ও সমালোচনা
_9123674
650 _aBengali drama
_xHistory and criticism
_9122764
942 _2ddc
_cBK
999 _c51337
_d51337